00489nam a22001577a 450000500170000001000150001702000260003203500130005803700130007110000200008424500860010426000440019027000650023430000250029960000070032420140219112227.0 aENG-108612 a9789350095836c499.00 aEN-92145 bDBAD/PUB aBagchi, Subroto aThe elephant catchers :cby Subroto Bagchibkey lessons for breakthrough growth / aGurgaonbHachette Book Publishingc2013 a4th/5th Floors, Corporate Centre, Sector 44bGurgaone122003 axii,232p. c22cm(Hb) d